000 00445pab a2200169 454500
008 180718b2006 xxu||||| |||| 00| 0 eng d
100 _aGe, Ying
245 _aThe effect of foreign direct investment on the urban wage in China: an empirical examination
260 _c2006
300 _ap.1439-450.
362 _aAug
650 _aWages - China
650 _aForeign investment
773 _aUrban Studies
908 _aN
909 _a74984
999 _c74984
_d74984